Loading...
Current Events | 4 | 15.00 | 100% | 50% | 0% |
Fine Arts - Classical Music | 4 | 20.00 | 100% | 50% | 50% |
Fine Arts - Other Fine Arts | 9 | 14.44 | 100% | 44% | 0% |
Fine Arts - Painting and Sculpture | 4 | 17.50 | 100% | 75% | 0% |
Geography | 3 | 20.00 | 100% | 100% | 0% |
History - American History | 1 | 10.00 | 100% | 0% | 0% |
History - European History | 4 | 15.00 | 100% | 50% | 0% |
History - Other History | 4 | 15.00 | 100% | 25% | 25% |
History - World History | 9 | 15.56 | 89% | 56% | 11% |
Literature - Drama | 3 | 16.67 | 100% | 67% | 0% |
Literature - Long Fiction | 3 | 10.00 | 100% | 0% | 0% |
Literature - Misc Literature | 3 | 16.67 | 100% | 33% | 33% |
Literature - Short Fiction | 1 | 20.00 | 100% | 100% | 0% |
Mythology | 3 | 20.00 | 100% | 67% | 33% |
Other Academic | 4 | 17.50 | 100% | 50% | 25% |
Philosophy | 4 | 10.00 | 100% | 0% | 0% |
Religion | 1 | 10.00 | 100% | 0% | 0% |
Science - Biology | 1 | 0.00 | 0% | 0% | 0% |
Science - Chemistry | 3 | 10.00 | 67% | 33% | 0% |
Science - Other Science | 3 | 6.67 | 67% | 0% | 0% |
Science - Physics | 5 | 14.00 | 100% | 40% | 0% |
Social Science | 2 | 10.00 | 100% | 0% | 0% |